Score 0/50 Timer 10:00
0 Plays Today
% Correct
Neil Armstrong
90.6%
Whitney Houston
86.3%
Davy Jones
84.6%
Larry Hagman
81.2%
Robin Gibb
78.6%
Ravi Shankar
76.9%
Donna Summer
75.2%
Rodney King
74.4%
Vidal Sassoon
73.5%
Jack Klugman
72.6%
Andy Williams
68.4%
Norman Schwarzkopf
65.3%
Sun Myung Moon
64.8%
Sally Ride
63.4%
Phyllis Diller
63.4%
Adam Yauch
63.2%
Tony Scott
62.4%
Ernest Borgnine
62.4%
Kathryn Joosten
61.5%
Sir Patrick Moore
59.8%
Etta James
56.4%
Ray Bradbury
56.3%
Richard Dawson
54.9%
Herbert Lom
52.1%
Dave Brubeck
50%
% Correct
Angelo Dundee
49.6%
Gerry Anderson
48.7%
Nora Ephron
44.4%
Scott McKenzie
43.7%
Sylvia Kristel
43.7%
Jocky Wilson
43.6%
Levon Helm
42.7%
Eric Sykes
42.7%
Clive Dunn
42.3%
Bill Tarmey
42.3%
Bob Welch
41%
Maurice Sendak
40.8%
Marvin Hamlisch
39.4%
Hal David
39.4%
Maeve Binchy
36.6%
Frank Carson
35.2%
Max Bygraves
33.8%
Bert Weedon
32.5%
Gore Vidal
32.4%
Tony Greig
30.6%
Fontella Bass
29.6%
Jon Lord
29.6%
Reginald Hill
28.2%
Jerry Nelson
26.8%
Eric Hobsbaum
18.3%

You're not logged in!

Compare scores with friends on all Sporcle quizzes.
OR
Log In

Sporcle TV

Today on Sporcle TV


Watch our educational content, quiz creation guides, and fun videos on Sporcle TV.

Show Comments

Extras

Top Quizzes Today


Score Distribution

Paid Content

Your Account Isn't Verified!

In order to create a playlist on Sporcle, you need to verify the email address you used during registration. Go to your Sporcle Settings to finish the process.

Report this User

Report this user for behavior that violates our Community Guidelines.

Details: